000 00905nam a2200217 a 4500
001 21418
003 CO-ViMGA
008 141112s2004 ck r 000 u spa d
020 _a8420008745
040 _aCO-ViMGA
_bspa
_cCO-ViMGA
082 0 4 _a639.3 S436p
100 1 _aShepherd, Jonathan
_930587
245 1 0 _aPiscicultura intensiva
260 _aZaragoza :
_bAcribia,
_c1999
300 _a405
505 _aNecesidades de los peces y evaluación del lugar de instalación 17 - - Propagación y mejora de existencias 101 - - Salud y enfermedades en los peces 195 - - El cultivo marino intensivo en Japón 235 - - Desarrollo comercial y perspectivas futuras 327
590 _aForma de adquisición : Compra fact. 0865 - - Precio : 289 - - Proveedor : Temas y libros - - Fecha de adquisición : Mayo 2007
650 1 4 _aPECES DE AGUA DULCE
_930588
650 1 4 _aPISCICULTURA
_92313
942 _2ddc
_cBK
999 _c30028
_d30028